Normal view
MARC view
Entry Topical Term
001 - CONTROL NUMBER
- control field: 12900
003 - CONTROL NUMBER IDENTIFIER
- control field: ARRUPE
005 - DATE AND TIME OF LATEST TRANSACTION
- control field: 20141128122600.0
008 - FIXED-LENGTH DATA ELEMENTS
- fixed length control field: 141128|| aca||aabn | a|a d
040 ## - CATALOGING SOURCE
- Original cataloging agency: ARRUPE
- Transcribing agency: ARRUPE
150 ## - HEADING--TOPICAL TERM
- Topical term or geographic name as entry element: South African war 1899-1902
- General subdivision: Fiction
670 ## - SOURCE DATA FOUND
- Source citation: Work cat.: (ARRUPE): Giles, Norman 12898, The ridge of white waters, 1934